000
00286nam a22001337a 4500
082
_a
001
_b
KRA/F
100
_a
KRALL,SARAH
245
_a
100 FOLK HEROES
250
_a
FIRST
260
_a
NEW DELHI
_b
GEMINI BOOKS
_c
2002
300
_a
112
650
_a
FOLK HEROES
_z
NEW DELHI
942
_c
BK
999
_c
6560
_d
6560